| 000 | 00663nam a22001577a 4500 | ||
|---|---|---|---|
| 003 | OSt | ||
| 005 | 20150910150424.0 | ||
| 008 | 150910b xxu||||| |||| 00| 0 eng d | ||
| 040 | _cRUA | ||
| 082 | _aAGR អ៊ុន 1995 B012 Or.1 | ||
| 100 |
_9254 _aអ៊ុន សុភាព |
||
| 245 | _aសត្វល្អិតបំផ្លាញលើដំណាំកប្បាស និង វិធានការណ៍ការពារនៅក្នុងកសិដ្ឋានពូជកប្បាសចំការលើ ខេត្តកំពង់ចាម | ||
| 260 |
_aPhnom Penh _bRUA _c1995 |
||
| 300 |
_a49p. _bill. _c29cm. |
||
| 942 |
_2ddc _cAGR |
||
| 999 |
_c234 _d234 |
||